00286nam a2200109 4500008004100000245003300041250001600074260004200090020002500132044000700157300001200164170216s2006||||GB d10aOxford Essential Dictionary  a1. vydanie  bOxford University Pressc2006aOxford c0a978-0-19-431722-1 aGB a488 s.